Religion Quiz

Random Religion or Letter Quiz
Score 0/10 Timer 02:00
2 Plays Today
% Correct
Deuteronomy
85.9%
Revelation
71%
Corinthians
70.6%
Song of Solomon
61.8%
Ecclesiastes
56.2%
Thessalonians
52.5%
Chronicles
47.6%
Colossians
46.1%
Philippians
44.8%
Lamentations
44.4%
Remove Ads.
Support Sporcle.
Get the best of Sporcle when you Go Orange. This ad-free experience offers more features, more stats, and more fun while also helping to support Sporcle. Thank you for becoming a member.

You're not logged in!

Compare scores with friends on all Sporcle quizzes.
OR
Log In

Show Comments

Extras

Top Quizzes Today


Score Distribution

Your Account Isn't Verified!

In order to create a playlist on Sporcle, you need to verify the email address you used during registration. Go to your Sporcle Settings to finish the process.

Report this User

Report this user for behavior that violates our Community Guidelines.

Details: